| 000 | 00859nam a22002417a 4500 | ||
|---|---|---|---|
| 005 | 20161212091323.0 | ||
| 008 | 160215t1998 gw b fr|||| 00| 0 eng d | ||
| 020 | _a3443620256 | ||
| 040 |
_aCO-BoIAVH _cCO-BoIAVH |
||
| 041 | 0 | _aeng | |
| 044 | _agx | ||
| 082 | 0 | 4 |
_a580.12 _bU76c |
| 100 | 1 | _aUribe-Meléndez, Jaime. | |
| 245 | 1 | 0 |
_aCatalogue of the hepaticae and anthocerotae of Colombia / _cpor Jaime Uribe Meléndez y S. Rob Gradstein |
| 260 |
_aBerlín (Alemania) : _bGebrüder Borntraeger, _cc1998. |
||
| 300 |
_a100 páginas : _bmapas ; _c22 x 14 cm. |
||
| 490 |
_aBryophytorum bibliotheca ; _v53 |
||
| 650 | 6 |
_aEmbryophyta _vCatálogos _zColombia |
|
| 650 | 6 |
_aAnthocerotophyta _vCatálogos _zColombia |
|
| 650 | 6 |
_aMarchantiophyta _vCatálogos _zColombia |
|
| 700 | 1 | _aGradstein, S. Robbert | |
| 942 |
_2ddc _cLIBRO |
||
| 999 |
_c18132 _d18132 |
||